| 000 | 00971cab a22001935a 4500 | ||
|---|---|---|---|
| 001 | L144749 | ||
| 008 | 080807s2008 xxka f 000 0 eng d | ||
| 035 | _a(Sirsi) u144749 | ||
| 041 | 0 | _aeng | |
| 100 | 1 | _aColey, Alexander | |
| 245 | 0 | 0 | _aEnhancing the digital river network in England and Wales |
| 260 | _c2008 | ||
| 490 |
_aCivil Engineering Surveyor _vJuly/August 2008, 34-36(3) |
||
| 520 | _aDiscusses improvements to and the potential of the detailed river network (DRN). Lists business benefits including new quality assessments; tools for finding and tracing tasks and an improved public facing river layer on the Environmental Agency's website. Addresses availability of the DRN dataset and mentions that it now available to those with an appropriate license. | ||
| 650 | 2 | 4 | _aRE-USE OF PUBLIC SECTOR INFORMATION REGULATIONS 2005 |
| 651 | 4 |
_aEngland and Wales _y1543- |
|
| 690 | _aENVIRONMENTAL AND LAND CONSULTANCY-WATER RESOURCE MANAGEMENT | ||
| 942 | _n0 | ||
| 999 |
_c80571 _d80571 |
||